| 000 | 00517nam a22001457a 4500 | ||
|---|---|---|---|
| 008 | 140131b xxu||||| |||| 00| 0 eng d | ||
| 050 | _aLB1025.3.P995 | ||
| 100 |
_aPybus, Elizabeth _97614 |
||
| 245 |
_aValues, Education and Responsibility / _cElizabeth Pybus and Terence H McLaughlin |
||
| 260 |
_aFife _bCentre for Philosophy and Public Affairs, University of St Andrews _c1995 |
||
| 300 |
_a34p. _c21cm. |
||
| 650 |
_aEducation _xPhilosophy _97615 |
||
| 700 |
_aMcLaughlin, Terence _97616 |
||
| 942 |
_2lcc _cMONOGRAPH |
||
| 999 |
_c119852 _d119852 |
||